000 00392pab a2200157 454500
008 180718b1998 xxu||||| |||| 00| 0 eng d
100 _aMishra, Dibakar
245 _aN-test vis-a-vis India's security perspective
260 _c1998
300 _ap.17-18
362 _aJul
650 _aNuclear explosions - India
650 _aNuclear tests
773 _aPolitics India
909 _a37923
999 _c37923
_d37923